000 01192nam0a22002531 4500
001 rc\4540474
005 20260407092410.0
021 _aRU
_bРг645(61-86123)
035 _a(NLR Aleph) 008360224
090 _a8993584
_c8993584
100 _a20130416d1960 |||y0rusy50 ca
101 0 _arus
102 _aRU
105 _aa z |||||
200 1 _aКолориметр автоматический АКН-57
_eИнструкция по монтажу и эксплуатации
_fСпец. конструкторское бюро по автоматике в нефтепереработке и производстве искусств. жидкого топлива СКБ-АНН
210 _aМосква
_cБ. и.
_d1960
215 _a20 с., 3 л. схем.
_cил.
_d20
300 _aОтпеч. множит. аппаратом
712 0 2 _4070
_aСпециальное КБ по автоматике в нефтепереработке и производстве искусственного жидкого топлива
_cМосква
_9311834
_3RU\NLR\AUTH\8819229
801 0 _aRU
_bNLR
_gpsbo
801 1 _aRU
_bELAR
_2rusmarc
852 _aNLR
_j61-6/219
942 _cBOOK
980 _aNB